Southville International School and Colleges
Your cart is empty.
  • Cart
  • Lists
    Public lists Eva Luna New books Lux_list list_1
    Your lists Log in to create your own lists
  • Log in to your account
  • Your cookies
  • Search history
Southville International School and Colleges
  • Advanced search
  • Recent comments
  • Most popular
  • Libraries

Log in to your account

Log in with GOOGLE


If you do not have an external account, but do have a local account, you can still log in:

  1. Home
  2. MARC view: Pocket guide to health assessment /
Normal view MARC view ISBD view

Pocket guide to health assessment / (Record no. 20018)

[ view plain ]
MARC details
000 -LEADER
fixed length control field 00647nam a2200205 a 4500
005 - DATE AND TIME OF LATEST TRANSACTION
control field 20140310183207.0
008 - FIXED-LENGTH DATA ELEMENTS--GENERAL INFORMATION
fixed length control field 030203s19uu xx 00 eng d
020 ## - INTERNATIONAL STANDARD BOOK NUMBER
International Standard Book Number 9780323019187
050 ## - LIBRARY OF CONGRESS CALL NUMBER
Classification number RT 48
Item number .P68 2003
100 ## - MAIN ENTRY--PERSONAL NAME
Personal name Potter, Patricia A.
245 ## - TITLE STATEMENT
Title Pocket guide to health assessment /
Statement of responsibility, etc Patricia A. Potter.
260 ## - PUBLICATION, DISTRIBUTION, ETC. (IMPRINT)
Place of publication, distribution, etc USA :
Name of publisher, distributor, etc Mosby Inc.,
Date of publication, distribution, etc 2003.
300 ## - PHYSICAL DESCRIPTION
Extent 669 p. :
Other physical details ill. ;
Dimensions 20 cm.
521 ## - TARGET AUDIENCE NOTE
Target audience note
650 ## - SUBJECT ADDED ENTRY--TOPICAL TERM
Topical term or geographic name as entry element Nursing assessment
General subdivision handbooks, manuals, etc.
650 ## - SUBJECT ADDED ENTRY--TOPICAL TERM
Topical term or geographic name as entry element Physical diagnosis
General subdivision handbooks, manuals, etc.
650 ## - SUBJECT ADDED ENTRY--TOPICAL TERM
Topical term or geographic name as entry element Medical history taking
General subdivision Nurse's instruction.
942 ## - ADDED ENTRY ELEMENTS (KOHA)
Koha item type Books
Source of classification or shelving scheme Library of Congress Classification
Call number prefix Foreign
Holdings
Withdrawn status Lost status Source of classification or shelving scheme Damaged status Home library Current library Shelving location Date acquired Source of acquisition Cost, normal purchase price Total Checkouts Total Renewals Full call number Barcode Date last seen Date checked out Copy number Price effective from Koha item type
    Library of Congress Classification   College Library College Library General Circulation Section 01/31/2003   2120.00 2 7 RT 48 .P68 2003 C1944 02/07/2020 01/09/2020 1 10/10/2013 Books

Pocket guide to health assessment /

APA

Potter P. A., . (2003). Pocket guide to health assessment. USA: Mosby Inc.

Chicago

Potter Patricia A, . 2003. Pocket guide to health assessment. USA: Mosby Inc.

Harvard

Potter P. A., . (2003). Pocket guide to health assessment. USA: Mosby Inc.

MLA

Potter Patricia A, . Pocket guide to health assessment. USA: Mosby Inc. 2003.

  • Place hold
  • Print
  • Cite
  • Add to your cart (remove)
  • Save record
    BIBTEX Dublin Core MARCXML MARC (non-Unicode/MARC-8) MARC (Unicode/UTF-8) MARC (Unicode/UTF-8, Standard) MODS (XML) RIS
  • More searches
    Search for this title in:
    Other Libraries (WorldCat) Other Databases (Google Scholar) Online Stores (Bookfinder.com) Open Library (openlibrary.org)

Exporting to Dublin Core...

SOUTHVILLE LIBRARY

Southville International School and Colleges Library

1281 Tropical Ave. Cor. Luxembourg St., BF Homes International, Las Pinas City

Tel. No. 8256374 / 252358 Loc. 117/146

Powered by Koha